Vplyv spotrebiteľských preferencií na poistný trh v Slovenskej republike bakalárska práca

Guardado en:
Detalles Bibliográficos
Autor principal: Šureková, Monika
Autor Corporativo: Národohospodárska fakulta EU. Katedra poisťovníctva
Otros Autores: Bobovník, Daniel
Formato: Libro
Lenguaje:eslovaco
Publicado: Bratislava 2015
Etiquetas: Agregar Etiqueta
Sin Etiquetas, Sea el primero en etiquetar este registro!

MARC

LEADER 00000nbm a2200000 4500
001 0205070
005 20161212095011.1
041 0 |a slo 
044 |a SK 
245 1 0 |a Vplyv spotrebiteľských preferencií na poistný trh v Slovenskej republike  |b bakalárska práca  |c Monika Šureková ; školiteľ: Daniel Bobovník 
264 1 |a Bratislava  |c 2015 
300 |a 63 s. 
100 1 |a Šureková, Monika 
700 1 |a Bobovník, Daniel 
710 2 |a Národohospodárska fakulta EU. Katedra poisťovníctva